| 000 | 00430nam a2200193Ia 4500 | ||
|---|---|---|---|
| 003 | OSt | ||
| 005 | 20260416164528.0 | ||
| 008 | 210210b1983 xxu||||| |||| 00| 0 eng d | ||
| 040 | _cAL | ||
| 041 | _aEnglish | ||
| 082 | _a001.64 FRYC | ||
| 100 |
_aFRY (TOM). _9261962 |
||
| 245 | _aComputers. | ||
| 260 |
_aLondon _bGranada _c1983 |
||
| 300 | _a64 | ||
| 690 |
_aComputer Science _9261963 |
||
| 906 | _a036975 | ||
| 942 |
_2ddc _cBK |
||
| 999 |
_c87425 _d87425 |
||